| 000 | 00763nam a22002537a 4500 | ||
|---|---|---|---|
| 003 | 0 | ||
| 005 | 20250113155102.0 | ||
| 008 | 241107b xxu||||| |||| 00| 0 eng d | ||
| 050 |
_aPHS TP 1180.T5 _b.J61 2024 |
||
| 100 |
_aJin, Jiwon, _eauthor. |
||
| 245 |
_aJute, hemp, and sisal for heat insulation / _cJiwon Jin. |
||
| 260 |
_aLas PiƱas : _bSouthville International School and Colleges, _c2024. |
||
| 300 |
_av, 94 p. : _bcol. ill. ; _c30 cm. |
||
| 504 | _aIncludes bibliographical references. | ||
| 650 | _aHeat insulation | ||
| 650 | _aInsulation materials | ||
| 650 | _aJute | ||
| 650 | _aHemp | ||
| 650 | _aSisal | ||
| 650 | _aNatural fibers | ||
| 650 | _aSustainable materials | ||
| 650 |
_aBuilding materials _vInsulation |
||
| 942 |
_2lcc _cPASS |
||
| 999 |
_c366659 _d366659 |
||